Les chaînes TV françaises et leurs records d'audience - Statistiques

Statistiques générales
  • Ce quiz a été pris 158 fois
  • Le résultat moyen est 8 sur 25
Statistiques - réponses
Chaine Date Programme Téléspectateurs % Correct
TF1 18/12/2022 Football : Coupe du monde (Argentine/France) 24 080 000
100%
M6 10/07/2016 Football : Euro 2016 (Portugal/France) 20 827 000
93%
France 2 28/06/2000 Football : Euro 2000 (France/Portugal) 18 300 000
81%
France 3 25/06/2004 Football : Euro 2004 (France/Grèce) 14 900 000
73%
BFM TV 04/04/2017 Présidentielle 2017 (11 candidats) 5 500 000
58%
W9 03/05/2018 Football : Ligue Europa (Red Bull Salzbourg/Olympique de Marseille) 4 675 000
50%
France 5 07/12/2015 C dans l’air 2 480 000
43%
Canal+ 24/02/2012 37e Nuit des César 4 010 000
42%
TMC 24/01/2017 Handball : Championnat du monde de handball masculin 2017 (France/Suède) 4 700 000
38%
La Chaîne L’Équipe 17/10/2022 Cérémonie du Ballon d'or 2022 2 010 000
35%
C8/D8 28/05/2016 Football : Ligue des Champions de l'UEFA (Real Madrid/Atlético Madrid) 4 232 000
34%
France 4 08/02/2014 Jeux olympiques d’hiver Sochi 2014 (Ski acrobatique) 2 266 000
26%
Arte 01/05/2000 Marius et Jeannette 3 860 000
24%
CNews 6/05/2021 L'Heure des Pros 2 1 100 000
22%
RMC Découverte 18/03/2015 Top Gear France 926 000
16%
La Chaîne parlementaire (LCP) 05/10/2011 Ça vous regarde (Primaire socialiste) 3 600 000
15%
Gulli 23/02/2012 La Guerre des boutons 1 649 000
11%
LCI 10/03/2022 "Le Face-à-Face" : Eric Zemmour et Valérie Pécresse. 1 100 000
11%
NRJ 12 21/05/2013 Fast and Furious 4 1 745 000
9%
RMC Story 29/05/2021 Finale de la Ligue des Champions : Manchester City - Chelsea 2 408 000
9%
TFX/NT1 19/04/2012 La Mort dans la peau 1 844 000
8%
Chérie 25 25/10/2017 De sang et d'encre 842 000
3%
CStar/D17 15/05/2013 Incontrôlable 990 000
3%
6ter 16/04/2019 La Belle et le Clochard 1 068 000
2%
TF1 Séries Films 26/04/2021 Commissaire Moulin 1 433 000
2%
Aucun quiz correspondant
Distribution des résultats
% des personnes avec chaque résultat
Percentile par nombre de réponses
Votre historique - résultats
Vous n’avez pas pris ce quiz